00795nam a2200241 a 450000100060000000300080000600500170001400800410003102000150007202000150008703500190010204000410012104100080016208200180017010000300018824501220021826000530034030000210039350400510041465000150046565000230048070000500050333447BD-RjUL20211209052017.0140508r19661959enk b 001 0 eng d a0043000010 z0043001001 a(BD-RjUL)33538 aWSUdOCLdBD-RjULdEQObengcBD-RjUL aeng a321bBES 19661 aBenn, S. I.q(Stanley I.)10aSocial principles and the democratic state /cS.I. Benn, R.S. Peters.nPart 1 :Societs : Its rules and their validity aLondon :bAllen & Unwin,c1959 [impression 1966] a403 p. ;c22 cm. aIncludes bibliographical references and index. 0aSociology. 0aPolitical science.1 aPeters, R. S.q(Richard Stanley),d1919-2011.